| 000 | 01049nam a22002417a 4500 | ||
|---|---|---|---|
| 003 | OSt | ||
| 005 | 20250923101045.0 | ||
| 008 | 240301b ||||| |||| 00| 0 eng d | ||
| 040 | _c0 | ||
| 082 | _aDPer 621.317 Ie21 June 2022 v. 37 n. 6 | ||
| 100 |
_aWei, Zhongbao. _eauthor. _953918 |
||
| 245 |
_aMultistage state of health estimation of lithium-ion battery with high tolerance to heavily partial charging / _cZhongbao Wei, Haokai Ruan, Yang Li, Jianwei Li, Caizhi Zhang, and Hongwen He. |
||
| 260 |
_aNew York ; _bThe Institute of Electrical and Electronics Engineers, Inc. , _cJune 2022. |
||
| 300 |
_aVolume 37, pages 7432-7442 : _billustration ; _c29 cm. |
||
| 500 | _aIEEE Transactions on Power Electronics, vol. 37, no. 6, pages 7432-7442, June 2022. | ||
| 700 |
_aWei, Zhongbao. _eauthor. _953918 |
||
| 700 |
_aRuan, Haokai. _eauthor. _953919 |
||
| 700 |
_aLi, Yang. _eauthor. _953920 |
||
| 700 |
_aLi, Jianwei. _eauthor. _953921 |
||
| 700 |
_aZhang, Caizhi. _eauthor. _953922 |
||
| 700 |
_aHe, Hongwen. _eauthor. _953923 |
||
| 942 |
_2ddc _cPER |
||
| 999 |
_c19505 _d19505 |
||